00277nam a22000977a 4500020001800000082001600018100002300034245007900057260002000136300002300156 a9781470162412 a531.11bKUM aKumar, Krishna Dev aFundamentals of Dynamics and Control of Space Systems /cKrishna Dev Kumar aCanada ,c2012. a349p. ;bPaperback